Národné choreografické centrum

Salvato in:
Dettagli Bibliografici
Autore principale: Kubačka, Jakub (Autore)
Altri autori: Mikolai, Imrich (Relatore della tesi)
Natura: Manoscritto Libro
Lingua:slovacco
Pubblicazione: 2020
Soggetti:
Accesso online:http://is.stuba.sk/zp/portal_zp.pl?podrobnosti=151273
https://opac.crzp.sk/?fn=detailBiblioForm&sid=EAE7EF6B68A1C52649C01446D593
Tags: Aggiungi Tag
Nessun Tag, puoi essere il primo ad aggiungerne!!

MARC

LEADER 00000ntm a22000003a 4500
001 stuzp78953
003 SK-STU
005 20230519104930.5
007 ta
008 150427s2015----xo-----f-mn---000-0-slo-d
040 |a STU  |b slo 
041 0 |a slo 
100 1 |a Kubačka, Jakub  |u 010180  |4 aut  |U SvF Stavebná fakulta  |T SvF Katedra konštrukcií pozemných stavieb  |X 74322  |U V180  |Y 18  |7 74322 
242 0 1 |a National choreographic center  |y eng 
245 1 0 |a Národné choreografické centrum 
260 |c 2020 
650 4 |a Polyfunkčná budova  |2 slo 
650 4 |a Energetická hospodárnosť  |2 slo 
650 4 |a Technická správa  |2 slo 
650 4 |a Projekt na realizáciu stavby  |2 slo 
650 4 |a Technical report  |2 eng 
650 4 |a Polyfunctional building  |2 eng 
650 4 |a Energy efficiency  |2 eng 
650 4 |a Project for construction  |2 eng 
700 1 |a Mikolai, Imrich  |u 010180  |k Z1  |4 ths  |U SvF Stavebná fakulta  |T SvF Katedra konštrukcií pozemných stavieb  |X 774  |U V180  |Y 18  |7 A000000774 
856 4 |u http://is.stuba.sk/zp/portal_zp.pl?podrobnosti=151273 
856 4 |u https://opac.crzp.sk/?fn=detailBiblioForm&sid=EAE7EF6B68A1C52649C01446D593